[Event "ESP-chT CECLUB Div2"]
[Site "Linares"]
[Date "2023.08.14"]
[Round "2.24"]
[White "Montesinos Diaz, Luis"]
[Black "Santos Menendez, Jorge"]
[Result "1-0"]
[WhiteElo "2068"]
[BlackElo "1898"]
[PlyCount "89"]
[EventDate "2023.08.13"]
[EventType "team-swiss"]
[EventRounds "7"]
[EventCountry "ESP"]
[SourceTitle "EXT 2024"]
[Source "ChessBase"]
[SourceDate "2023.10.10"]
[SourceVersion "1"]
[SourceVersionDate "2023.10.10"]
[SourceQuality "1"]
[WhiteTeam "Manises Eva"]
[BlackTeam "Ciudad Naranco"]
[WhiteTeamCountry "ESP"]
[BlackTeamCountry "ESP"]

1. e4 c5 2. Nf3 d6 3. d4 cxd4 4. Nxd4 Nf6 5. Nc3 a6 6. f3 e5 7. Nb3 Be7 8. Be3 Be6 9. Qd2 Nbd7 10. 0-0-0 0-0 11. g4 b5 12. g5 b4 13. gxf6 bxc3 14. Qxc3 Nxf6 15. Rg1 Kh8 16. Kb1 Qb8 17. Qa5 Bd8 18. Qd2 Bb6 19. Bxb6 Qxb6 20. Rxg7 Bxb3 21. axb3 Kxg7 22. Qg5+ Kh8 23. Qxf6+ Kg8 24. Rd2 Rfb8 25. Rg2+ Kf8 26. Bc4 d5 27. Qg7+ Ke7 28. Bxd5 Qf6 29. Bxa8 Rxa8 30. Qxf6+ Kxf6 31. c4 h6 32. Kc2 a5 33. Kc3 Ke6 34. Rg1 Rd8 35. Ra1 Ra8 36. c5 Kd7 37. Kc4 Kc7 38. b4 a4 39. b5 Rd8 40. Rxa4 Rd4+ 41. Kb3 Rd3+ 42. Kb4 Rxf3 43. Ra7+ Kc8 44. c6 Kb8 45. b6 1-0